000 00345nam a2200121Ia 4500
008 160609s9999 xx 000 0 und d
100 _aBergese, Rebecca.
245 _aUnderstanding 10-11-year-olds
245 _cBy:Rebecca Bergese
260 _c2015
650 _xCHILD & ADOLESCENT DEVELOPMENT
856 _uhttp://file.ebook777.com/Und101.pdf
999 _c295934
_d295934